Επιθεώρηση τέχνης : μια κρίσιμη δωδεκαετία (29 και 30 Μαρτίου 1996) : επιστημονικό συμπόσιο

Αποθηκεύτηκε σε:
Λεπτομέρειες βιβλιογραφικής εγγραφής
Συγγραφή απο Οργανισμό/Αρχή: Εταιρεία Σπουδών Νεοελληνικού Πολιτισμού και Γενικής Παιδείας
Μορφή: Βιβλίο
Γλώσσα:Greek
Δημοσίευση: [Αθήνα] : Εταιρεία Σπουδών Νεοελληνικού Πολιτισμού και Γενικής Παιδείας : Πορεία, 1997.
Θέματα:
Ετικέτες: Προσθήκη ετικέτας
Δεν υπάρχουν, Καταχωρήστε ετικέτα πρώτοι!

MARC

LEADER 00000cam a2200000 i 4500
001 1/104285
008 090414s1997 gr | ||| |||| ||gre||
020 |a 9602590947 
035 |l 10104360 
040 |a GR-MyUa  |b gre  |e AACR2 
041 0 |a gre 
082 7 |a 709.495   |2 (22) 
245 0 0 |a Επιθεώρηση τέχνης :   |b μια κρίσιμη δωδεκαετία (29 και 30 Μαρτίου 1996) : επιστημονικό συμπόσιο /   |c Εταιρεία Σπουδών Νεοελληνικού Πολιτισμού και Γενικής Παιδείας. 
260 |a [Αθήνα] :   |b Εταιρεία Σπουδών Νεοελληνικού Πολιτισμού και Γενικής Παιδείας :   |b Πορεία,   |c 1997. 
300 |a 290 σ. :   |b εικ. ;   |c 21 εκ. 
504 |a Περιέχει βιβλιογραφικές παραπομπές και ευρετήριο. 
650 0 0 |a Art  |z Greece  |x Periodicals  |x Congresses. 
650 0 0 |a Greek periodicals  |x Indexes. 
710 2 |a Εταιρεία Σπουδών Νεοελληνικού Πολιτισμού και Γενικής Παιδείας. 
852 |a INST  |b LESVOS  |e 20090414  |h 709.495 ΕΤΑ  |p 005100044879  |q 005100044879  |t BK  |y 0 
901 |a BIBL1-2009-1 
970 |a ΚΑΡΑ  |b ΓΙΑΣΕΜΗ  |z 2009/04/14